000 00929nam a22001817a 4500
999 _c177732
_d177732
005 20210226152034.0
010 _aB-047521
020 _a8173914214
035 _aB-047521
082 _a320.5 शर्मायो
100 _aशर्मा , योगेंद्र कुमार
245 _aभारतीय राजनैतिक विचारक /
_cयोगेंद्र कुमार शर्मा
260 _a नयी दिल्ली
_bकनिष्का पब्लिशर्स
_c2001
270 _aकनिष्का पब्लिशर्स डिस्ट्रीब्यूटर्स सारी रोड दरियागंज नयी दिल्ली
_bनयी दिल्ली
_k3270497
300 _a405पृ.
_c20सेमी (सजिल्द)
700 _939428
942 _2ddc
_cHN
_mशर्मायो
_h320.5